• 首页
  • 本馆介绍
  • 公告通知
  • 最新文献
  • 馆藏检索
  • 电子资源
  • 读者导购
  • 参考咨询
  • 我的图书馆
  • 登录
  • 详细信息显示
  • 放入我的书架
  • 预约/预借图书
  • 作者相关作品
  • 分类相关作品
  • 丛书相关作品
  • 出版社相关作品

书目信息

  • 表格格式
  • 工作单格式
  • 卡片格式
题名:
手机摄影笔记
    
 
作者: 李硕 著
分册:  
出版信息: 北京   人民邮电出版社  2020.8
页数: 487页
开本: 24cm
丛书名:
单 册:
中图分类: J41 , TN929.53
科图分类:
主题词: 移动电话机--摄影技术
电子资源:
ISBN: 978-7-115-53052-3
000 01799nam0 2200277 45
001 012001001306
005 20130911093710.0
010    @a978-7-115-53052-3@dCNY128.00
100    @a20200911d2020 em y0chiy0110 ea
101 0  @achi
102    @aCN@b110000
105    @ay z 000yy
106    @ar
200 1  @a手机摄影笔记@Ashou ji she ying bi ji@e一场脑洞大开的视觉之旅@f李硕著
210    @a北京@c人民邮电出版社@d2020.8
215    @a487页@c照片@d24cm
300    @a其他题名:一场脑洞大开的视觉之旅
314    @a李硕,我是李硕。我是自学的摄影。我曾多次在苹果手机摄影大奖赛(IPPA)中获得不同级别的奖项。我曾于2015 年举办了国内第一场手机摄影公开课。我也曾在北京大学为研究生讲解过手机摄影。我一直在摄影笔记开授手机摄影课程,迄今已有3 年,共办了20 多期。我的学员中,也有人获得了IPPA 的奖项。我为苹果、三星、OPPO、vivo 等手机厂商讲解手机摄影。我也为中央电视台职工培训手机摄影,并在CCTV-1《生活提示》栏目讲解手机拍月亮与手机航拍。我还与佳能、索尼、富士等相机厂商有深入合作。对了,我还有自己的微信订阅号,叫"一点OnePoint",向大众分享摄影知识,培养审美。但最重要的是,我爱摄影,并且我是追求完美的处女座,你懂的。
330    @a手机已经变成人们必不可少的拍照工具,本书以手机摄影作为切入点,讲述了完整的摄影方法。只要掌握了书中内容,不管用何种拍摄器材,拍出好片不再是梦想。 本书共5章。首先从摄影者的审美培养开始讲起,然后讲述了手机中的相机的操作技巧、特点以及摄影通用的基础知识;其次,用实例说明了“摄影=拍照+修片”的科学理念,阐述用手机拍出大片的步骤和方法;之后,详细讲述了用手机进行修片的相关知识。在后记中,作者对手机摄影的理念进行详尽地阐述,并告诉读者,简单、生活、创意十足,才是手机摄影的魅力所在。
517 1  @a一场脑洞大开的视觉之旅
606 0  @a移动电话机@x摄影技术
690    @aJ41@v5
690    @aTN929.53@v5
701  0 @a李硕@Ali shuo@4著
801    @aCN@b江苏凤凰@c20211018
905    @b1342988-91@dJ41@e446@f4
    
    手机摄影笔记:一场脑洞大开的视觉之旅/李硕著.-北京:人民邮电出版社,2020.8
    487页:照片;24cm
    其他题名:一场脑洞大开的视觉之旅
    
    ISBN 978-7-115-53052-3:CNY128.00
    手机已经变成人们必不可少的拍照工具,本书以手机摄影作为切入点,讲述了完整的摄影方法。只要掌握了书中内容,不管用何种拍摄器材,拍出好片不再是梦想。 本书共5章。首先从摄影者的审美培养开始讲起,然后讲述了手机中的相机的操作技巧、特点以及摄影通用的基础知识;其次,用实例说明了“摄影=拍照+修片”的科学理念,阐述用手机拍出大片的步骤和方法;之后,详细讲述了用手机进行修片的相关知识。在后记中,作者对手机摄影的理念进行详尽地阐述,并告诉读者,简单、生活、创意十足,才是手机摄影的魅力所在。
●
相关链接 在E读中查询图书 在五车中查询图书 在当当中查询图书 在豆瓣中查询图书


正题名:手机摄影笔记     索取号:J41/446         预约/预借

序号 登录号 条形码 馆藏地/架位号 状态 备注
1 1342988   213429887   第一样本阅览室/ [索取号:J41/446] 在馆    
2 1342989   213429896   第一借阅区/ [索取号:J41/446] 在馆    
3 1342990   213429903   第一借阅区/ [索取号:J41/446] 在馆    
4 1342991   213429912   第一借阅区/ [索取号:J41/446] 在馆    
唐山师范学院图书馆 欢迎您!
大连网信软件有限公司© 版权所有